MyGZULibrary

Questionnaire design, interviewing, and attitude measurement / (Record no. 1289)

MARC details
000 -LEADER
fixed length control field 01335pam a2200325 a 4500
001 - CONTROL NUMBER
control field 3449354
003 - CONTROL NUMBER IDENTIFIER
control field GZU
005 - DATE AND TIME OF LATEST TRANSACTION
control field 20201005111109.0
008 - FIXED-LENGTH DATA ELEMENTS--GENERAL INFORMATION
fixed length control field 920410s1992 enka b 001 0 eng
010 ## - LIBRARY OF CONGRESS CONTROL NUMBER
LC control number 92015306
020 ## - INTERNATIONAL STANDARD BOOK NUMBER
International Standard Book Number 1855670437 (HBK)
020 ## - INTERNATIONAL STANDARD BOOK NUMBER
International Standard Book Number 1855670445 (PBK)
040 ## - CATALOGING SOURCE
Original cataloging agency DLC
Transcribing agency DLC
Modifying agency DLC
050 00 - LIBRARY OF CONGRESS CALL NUMBER
Classification number H62
Item number .OPP 1992
100 1# - MAIN ENTRY--PERSONAL NAME
Personal name Oppenheim, A. N.
Fuller form of name (Abraham Naftali),
Dates associated with a name 1924-
Relator term author
245 10 - TITLE STATEMENT
Title Questionnaire design, interviewing, and attitude measurement /
Statement of responsibility, etc. A.N. Oppenheim.
250 ## - EDITION STATEMENT
Edition statement New ed.
260 ## - PUBLICATION, DISTRIBUTION, ETC.
Place of publication, distribution, etc. London ;
-- New York :
Name of publisher, distributor, etc. Pinter Publishers ;
Place of publication, distribution, etc. New York :
Name of publisher, distributor, etc. Distributed exclusively in the USA and Canada by St. Martin's Press,
Date of publication, distribution, etc. c1992.
300 ## - PHYSICAL DESCRIPTION
Extent 303 p. :
Other physical details ill. ;
Dimensions 23 cm.
500 ## - GENERAL NOTE
General note Rev. ed. of: Questionnaire design and attitude measurement. [1966].
504 ## - BIBLIOGRAPHY, ETC. NOTE
Bibliography, etc. note Includes bibliographical references and index.
650 #0 - SUBJECT ADDED ENTRY--TOPICAL TERM
Topical term or geographic name entry element Social surveys.
650 #0 - SUBJECT ADDED ENTRY--TOPICAL TERM
Topical term or geographic name entry element Questionnaires.
650 #0 - SUBJECT ADDED ENTRY--TOPICAL TERM
Topical term or geographic name entry element Attitude (Psychology)
General subdivision Testing.
650 #0 - SUBJECT ADDED ENTRY--TOPICAL TERM
Topical term or geographic name entry element Interviewing in sociology.
700 1# - ADDED ENTRY--PERSONAL NAME
Personal name Oppenheim, A. N.
Fuller form of name (Abraham Naftali),
Dates associated with a name 1924-
Title of a work Questionnaire design and attitude measurement.
906 ## - LOCAL DATA ELEMENT F, LDF (RLIN)
a 7
b cbc
c orignew
d 1
e ocip
f 19
g y-gencatlg
942 ## - ADDED ENTRY ELEMENTS (KOHA)
Source of classification or shelving scheme Library of Congress Classification
Koha item type Books
Edition New ed.
Classification part 62
Item part H
Call number prefix OPP
Holdings
Withdrawn status Lost status Source of classification or shelving scheme Damaged status Not for loan Collection code Home library Current library Shelving location Date acquired Source of acquisition Total Checkouts Full call number Barcode Date last seen Copy number Price effective from Koha item type
    Library of Congress Classification     Non-fiction City Campus Library City Campus Library General Stacks 10/08/2002 University of Zimbabwe   H62 OPP 1992 952 10/05/2020 c. 1 10/05/2020 Books